Statistics for Czarface Meets Metal Face Tracklist (CZARFACE, MFDOOM)

Click here to take the quiz!

General Stats

  • This quiz has been taken 2 times
  • The average score is 6 of 16

Answer Stats

HintAnswer% Correct
9Bomb Thrown
100%
16Sleeping Dogs
100%
3Badness Of Madness
50%
15Captain Brunch
50%
6Captain Crunch
50%
4Close Talker
50%
7Don't Spoil It
50%
5Forever People
50%
14MF Czar
50%
1Take Your Medicine
50%
11Astral Traveling
0%
2Medal With Metal
0%
12Nautical Depth
0%
8Phantoms
0%
13Stun Gun
0%
10You Masked For It
0%

Score Distribution

Percentile by Number Answered

Percent of People with Each Score

Your Score History

You have not taken this quiz